Hahlo's South African company law through the cases : (Record no. 145242)

MARC details
000 -LEADER
fixed length control field 00978nam a2200241 a 4500
008 - FIXED-LENGTH DATA ELEMENTS--GENERAL INFORMATION
fixed length control field
049 ## - LOCAL HOLDINGS (OCLC)
Holding library MAIN
090 ## - LOCALLY ASSIGNED LC-TYPE CALL NUMBER (OCLC); LOCAL CALL NUMBER (RLIN)
Classification number (OCLC) (R) ; Classification number, CALL (RLIN) (NR) KTL920 HAH
003 - CONTROL NUMBER IDENTIFIER
control field
005 - DATE AND TIME OF LATEST TRANSACTION
control field 20230123133237.0
040 ## - CATALOGING SOURCE
Transcribing agency NUST
245 00 - TITLE STATEMENT
Title Hahlo's South African company law through the cases :
Remainder of title a source book : a collection of cases on company law, with explanatory notes and comments.
Statement of responsibility, etc. edited by J .T Pretorius ,P .A Delport ,Michelle Havenga and Maria Vermaas
250 ## - EDITION STATEMENT
Edition statement 5th ed. .
260 ## - PUBLICATION, DISTRIBUTION, ETC.
Place of publication, distribution, etc. Cape Town :
Name of publisher, distributor, etc. Juta,
Date of publication, distribution, etc. 1991.
300 ## - PHYSICAL DESCRIPTION
Extent liv, 765 p. ;
Dimensions 26 cm.
500 ## - GENERAL NOTE
General note Rev. ed. of: South African company law through the cases / by H.R. Hahlo. 4th ed. 1984.
504 ## - BIBLIOGRAPHY, ETC. NOTE
Bibliography, etc. note Includes bibliographical references and index.
650 #0 - SUBJECT ADDED ENTRY--TOPICAL TERM
Topical term or geographic name entry element Corporation law
Geographic subdivision South Africa
General subdivision Cases.
700 1# - ADDED ENTRY--PERSONAL NAME
Personal name Pretorius, J. T.
700 1# - ADDED ENTRY--PERSONAL NAME
Personal name Hahlo, H. R.
Title of a work South African company law through the cases.
907 ## - LOCAL DATA ELEMENT G, LDG (RLIN)
a .b10061654
b 01-04-11
c 17-04-03
942 ## - ADDED ENTRY ELEMENTS (KOHA)
Koha item type Ordinary Loan Books
Call number prefix KTL920 HAH
Holdings
Date last seen Total Checkouts Full call number Barcode Cost, replacement price Price effective from Koha item type Lost status Source of classification or shelving scheme Damaged status Not for loan Collection Withdrawn status Home library Current library Shelving location Date acquired Cost, normal purchase price
01/23/2023   KTL920 HAH 92003024310 80.00 01/23/2023 BOOKS   LCC     NFIC   MAIN MAIN GEN 01/23/2023 80.00